[Event "Jesenik Rapid op"]
[Site "Jesenik"]
[Date "2023.08.18"]
[Round "9"]
[White "Kubat, Pavel"]
[Black "Sulcova, Tereza Radmila"]
[Result "0-1"]
[WhiteElo "2033"]
[BlackElo "1602"]
[PlyCount "133"]
[EventDate "2023.08.18"]
[EventType "swiss (rapid)"]
[EventRounds "9"]
[EventCountry "CZE"]
[SourceTitle "EXT 2024"]
[Source "ChessBase"]
[SourceDate "2023.10.10"]
[SourceVersion "1"]
[SourceVersionDate "2023.10.10"]
[SourceQuality "1"]

1. d4 f5 2. Bg5 Nf6 3. e3 d6 4. Bc4 d5 5. Bd3 g6 6. f4 Ne4 7. Bh4 Bg7 8. Nf3 c5 9. 0-0 Nc6 10. c3 0-0 11. Nbd2 b6 12. Qe2 Bb7 13. Ng5 Nxg5 14. Bxg5 Qd6 15. a3 c4 16. Bc2 b5 17. Nf3 a5 18. Kh1 Ba6 19. Ne5 Ra7 20. g4 e6 21. gxf5 exf5 22. Qf3 b4 23. Ba4 Nxe5 24. fxe5 Qe6 25. axb4 axb4 26. Bb5 Rfa8 27. Bxa6 Rxa6 28. Rxa6 Rxa6 29. cxb4 Ra4 30. b5 Ra5 31. Qg2 Rxb5 32. Ra1 Rb7 33. Ra5 Rd7 34. Rc5 Kf7 35. h4 h5 36. Qc2 Qa6 37. Kh2 Bf8 38. e6+ Qxe6 39. Rc8 Bd6+ 40. Bf4 Qxe3 41. Bxd6 Rxd6 42. Rc7+ Ke6 43. Rc8 Qf4+ 44. Kg2 Qg4+ 45. Kf1 Qxd4 46. Qe2+ Qe4 47. Re8+ Kf6 48. Rxe4 fxe4 49. Qe3 Kf5 50. Qg5+ Ke6 51. Qxg6+ Kd7 52. Qg7+ Kc6 53. Qd4 Re6 54. Ke2 e3 55. Qa7 Re4 56. Qa6+ Kd7 57. Qb7+ Ke6 58. Qc6+ Ke5 59. Qe8+ Kd4 60. Qh8+ Re5 61. Qg7 Ke4 62. Qh6 d4 63. Qg6+ Kd5 64. Qf7+ Re6 65. Qf3+ Kd6 66. Qf4+ Kc5 67. Qf5+ 0-1

[Event "CZE-chT2E 2223"]
[Site "Czech Republic"]
[Date "2023.01.08"]
[Round "6.7"]
[White "Kubat, Pavel"]
[Black "Svehla, Karel"]
[Result "0-1"]
[WhiteElo "1942"]
[BlackElo "2094"]
[PlyCount "80"]
[EventDate "2022.10.16"]
[EventType "team-tourn"]
[EventRounds "11"]
[EventCountry "CZE"]
[SourceTitle "EXT 2024"]
[Source "ChessBase"]
[SourceDate "2023.10.10"]
[SourceVersion "1"]
[SourceVersionDate "2023.10.10"]
[SourceQuality "1"]
[WhiteTeam "Orechov Orel"]
[BlackTeam "Brno VSK Univ"]
[WhiteTeamCountry "CZE"]
[BlackTeamCountry "CZE"]

1. d4 d5 2. c4 e5 3. Nc3 dxc4 4. dxe5 Qxd1+ 5. Kxd1 Be6 6. Bg5 h6 7. Bh4 Ne7 8. e4 Nbc6 9. f4 0-0-0+ 10. Ke1 g5 11. f5 gxh4 12. fxe6 Nxe5 13. Nf3 N7g6 14. exf7 Rh7 15. Be2 Rxf7 16. Nxe5 Nxe5 17. Rf1 Rxf1+ 18. Bxf1 c6 19. Rd1 b5 20. Rxd8+ Kxd8 21. a3 Bc5 22. h3 Bd4 23. Kd2 a6 24. Kc2 Ke7 25. Nd1 Kf6 26. b3 cxb3+ 27. Kxb3 c5 28. Nc3 Bxc3 29. Kxc3 Ke6 30. Kb3 c4+ 31. Kb4 Kd6 32. Be2 Nc6+ 33. Kc3 Kc5 34. Bg4 a5 35. Bd7 b4+ 36. axb4+ axb4+ 37. Kd2 Ne5 38. Bc8 Kd4 39. Bb7 Nd3 40. Ba6 Nc5 0-1

[Event "CZE-chT2E 2122"]
[Site "Czech Republic"]
[Date "2021.11.07"]
[Round "2.7"]
[White "Kubat, Pavel"]
[Black "Svehla, Karel"]
[Result "1/2-1/2"]
[WhiteElo "1897"]
[BlackElo "2110"]
[PlyCount "51"]
[EventDate "2021.10.17"]
[EventType "team-tourn"]
[EventRounds "11"]
[EventCountry "CZE"]
[SourceTitle "EXT 2024"]
[Source "ChessBase"]
[SourceDate "2023.10.10"]
[SourceVersion "1"]
[SourceVersionDate "2023.10.10"]
[SourceQuality "1"]
[WhiteTeam "Orechov Orel"]
[BlackTeam "Brno VSK Univ"]
[WhiteTeamCountry "CZE"]
[BlackTeamCountry "CZE"]

1. d4 e6 2. Nf3 f5 3. d5 Bd6 4. Nc3 Nf6 5. g3 0-0 6. Bg5 h6 7. Bf4 Bb4 8. dxe6 d6 9. Bd2 Bxe6 10. Nd4 Bd7 11. Bg2 Nc6 12. Nb3 Kh8 13. 0-0 Rb8 14. a3 Bxc3 15. Bxc3 Ne4 16. Bd4 Nxd4 17. Qxd4 Qf6 18. Qxf6 Rxf6 19. e3 Re8 20. Rfd1 b6 21. Nd2 Bc6 22. h4 g5 23. hxg5 hxg5 24. Nf3 Kg7 25. Nxg5 Nxg5 26. Bxc6 1/2-1/2

[Event "CZE-chT2E 2122"]
[Site "Czech Republic"]
[Date "2021.10.17"]
[Round "1.7"]
[White "Balsinek, Pavel"]
[Black "Kubat, Pavel"]
[Result "1-0"]
[WhiteElo "1990"]
[BlackElo "1897"]
[PlyCount "57"]
[EventDate "2021.10.17"]
[EventType "team-tourn"]
[EventRounds "11"]
[EventCountry "CZE"]
[SourceTitle "EXT 2024"]
[Source "ChessBase"]
[SourceDate "2023.10.10"]
[SourceVersion "1"]
[SourceVersionDate "2023.10.10"]
[SourceQuality "1"]
[WhiteTeam "Prusanky Podluzan"]
[BlackTeam "Orechov Orel"]
[WhiteTeamCountry "CZE"]
[BlackTeamCountry "CZE"]

1. e4 c5 2. Nf3 Nc6 3. d4 cxd4 4. Nxd4 Nf6 5. Nc3 d6 6. Bc4 e5 7. Nf5 Be6 8. Bb3 Qd7 9. Ne3 Be7 10. 0-0 0-0 11. Ned5 Bxd5 12. Bxd5 Rac8 13. Bb3 Nd4 14. Bg5 h6 15. Bxf6 Bxf6 16. Nd5 Bd8 17. c3 Ne6 18. f4 exf4 19. Nxf4 Nxf4 20. Rxf4 Bg5 21. Rf5 Qe7 22. Qg4 Rc7 23. Raf1 Qe8 24. h4 Bd8 25. R1f3 Kh7 26. Rg3 g6 27. Bxf7 Rfxf7 28. Qxg6+ Kh8 29. Qxh6+ 1-0

[Event "CZE-ch Betsys Online Blitz"]
[Site "Chess.com INT"]
[Date "2021.04.17"]
[Round "10"]
[White "Kubat, Pavel"]
[Black "Kucera, Daniel"]
[Result "1-0"]
[WhiteElo "1913"]
[BlackElo "1879"]
[PlyCount "59"]
[EventDate "2021.04.17"]
[EventType "swiss (blitz)"]
[EventRounds "13"]
[EventCountry "CZE"]
[SourceTitle "CBM 201 Extra"]
[Source "ChessBase"]
[SourceDate "2021.05.31"]
[SourceVersion "1"]
[SourceVersionDate "2021.05.31"]
[SourceQuality "1"]

1. d4 Nf6 2. Bg5 e6 3. c3 Be7 4. e3 d5 5. Bd3 0-0 6. Nd2 h6 7. Bh4 b6 8. f4 Bb7 9. Ngf3 Nbd7 10. Qe2 c5 11. 0-0 Ne4 12. Bxe7 Qxe7 13. Kh1 f5 14. Rg1 Ndf6 15. Ne5 Ng4 16. Nxg4 fxg4 17. Bxe4 dxe4 18. Qxg4 cxd4 19. cxd4 Rac8 20. Rgc1 Rf6 21. Rxc8+ Bxc8 22. Rc1 Bb7 23. a3 Kh7 24. Qe2 Qf7 25. Qc4 Qg6 26. Qe2 Rf7 27. b4 Qf6 28. h3 Qh4 29. Kh2 g5 30. g3 1-0

[Event "Kouty nad Desnou Losin Kapor op"]
[Site "Kouty nad Desnou"]
[Date "2019.12.14"]
[Round "2"]
[White "Kubat, Pavel"]
[Black "Pacher, Milan"]
[Result "0-1"]
[WhiteElo "1914"]
[BlackElo "2427"]
[PlyCount "97"]
[EventDate "2019.12.14"]
[EventType "swiss (rapid)"]
[EventRounds "9"]
[EventCountry "CZE"]
[SourceTitle "CBM 193 Extra"]
[Source "ChessBase"]
[SourceDate "2020.01.31"]
[SourceVersion "1"]
[SourceVersionDate "2020.01.31"]
[SourceQuality "1"]

1. d4 f5 2. e3 Nf6 3. Bd3 d6 4. c4 e5 5. Nc3 Nc6 6. Nge2 g6 7. 0-0 Bg7 8. a3 a5 9. b3 0-0 10. Bb2 Qe8 11. Nb5 Rf7 12. Rc1 e4 13. Bb1 Na7 14. a4 Nxb5 15. axb5 b6 16. d5 Nd7 17. Bxg7 Rxg7 18. Nd4 Nc5 19. g3 Bd7 20. Bc2 Qe5 21. Ra1 Rf8 22. Qd2 g5 23. f4 exf3 24. Rxf3 f4 25. exf4 gxf4 26. Re1 Qg5 27. Kh1 Bh3 28. Qf2 Nd7 29. Ne6 Bxe6 30. dxe6 fxg3 31. Rxf8+ Nxf8 32. hxg3 h5 33. Kg2 h4 34. Re4 hxg3 35. Qe2 Ng6 36. e7 Rxe7 37. Rxe7 Nf4+ 38. Kf3 Nxe2 39. Rxe2 Qh5+ 40. Ke3 d5 41. Rg2 Qe5+ 42. Kf3 dxc4 43. Rxg3+ Kf8 44. Be4 cxb3 45. Rg2 a4 46. Ke3 a3 47. Rf2+ Ke7 48. Re2 a2 49. Kf2 0-1

[Event "CZE-chT2D 1819"]
[Site "Czech Republic"]
[Date "2019.03.17"]
[Round "10.8"]
[White "Kubat, Pavel"]
[Black "Snizek, Kvetoslav"]
[Result "1/2-1/2"]
[WhiteElo "2003"]
[BlackElo "1879"]
[PlyCount "50"]
[EventDate "2018.10.14"]
[EventType "team-tourn"]
[EventRounds "11"]
[EventCountry "CZE"]
[SourceTitle "EXT 2022"]
[Source "ChessBase"]
[SourceDate "2021.10.06"]
[SourceVersion "1"]
[SourceVersionDate "2021.10.06"]
[SourceQuality "1"]
[WhiteTeam "Orechov"]
[BlackTeam "Kutna Hora"]
[WhiteTeamCountry "CZE"]
[BlackTeamCountry "CZE"]

1. d4 d5 2. c4 c6 3. Nf3 Nf6 4. g3 Nbd7 5. Nbd2 e6 6. Bg2 Bd6 7. 0-0 0-0 8. e4 Nxe4 9. Nxe4 dxe4 10. Ng5 Nf6 11. Nxe4 Nxe4 12. Bxe4 e5 13. dxe5 Bxe5 14. Bxh7+ Kxh7 15. Qh5+ Kg8 16. Qxe5 Qd3 17. Qc3 Qxc3 18. bxc3 c5 19. Be3 b6 20. a4 Be6 21. a5 Bxc4 22. Rfb1 Bd3 23. Rb2 c4 24. f4 Rfe8 25. Kf2 bxa5 1/2-1/2

[Event "CZE-chT2E 1516"]
[Site "Czech Republic"]
[Date "2015.12.06"]
[Round "4.7"]
[White "Kubat, Pavel"]
[Black "Vincze, Roman"]
[Result "1/2-1/2"]
[WhiteElo "1998"]
[BlackElo "2125"]
[PlyCount "185"]
[EventDate "2015.10.18"]
[EventType "team-tourn"]
[EventRounds "11"]
[EventCountry "CZE"]
[SourceTitle "EXT 2022"]
[Source "ChessBase"]
[SourceDate "2021.10.06"]
[SourceVersion "1"]
[SourceVersionDate "2021.10.06"]
[SourceQuality "1"]
[WhiteTeam "Orechov"]
[BlackTeam "Jihlava Gordic"]
[WhiteTeamCountry "CZE"]
[BlackTeamCountry "CZE"]

1. Nf3 d5 2. c4 c6 3. d4 Nf6 4. g3 Bf5 5. Bg2 e6 6. 0-0 h6 7. Nc3 Nbd7 8. cxd5 exd5 9. a3 Be7 10. b4 a6 11. Bb2 0-0 12. Rc1 Re8 13. Nd2 Bf8 14. e3 Nb6 15. Na4 Nxa4 16. Qxa4 Ne4 17. Nxe4 Bxe4 18. Bxe4 Rxe4 19. Rce1 Qe7 20. Qb3 Re8 21. Re2 f5 22. Rfe1 Kh7 23. Qd3 g6 24. Kg2 Bg7 25. f3 Re6 26. h4 f4 27. gxf4 Qxh4 28. Rh1 Qf6 29. Kf1 Qf5 30. Qxf5 gxf5 31. Kf2 Kg6 32. Ree1 Kh7 33. Bc3 Rg6 34. Reg1 Rxg1 35. Rxg1 Re6 36. Rg2 Bf6 37. Rh2 Re8 38. Rh5 Kg6 39. Rh2 h5 40. Bd2 Rh8 41. Kg3 Kf7 42. Kh3 Be7 43. Rg2 Rg8 44. Re2 Rg1 45. Be1 Bf6 46. Kh2 Rg8 47. Bd2 Be7 48. Kh3 Ke6 49. Be1 Rg1 50. Kh2 Rg7 51. Kh3 a5 52. bxa5 Bxa3 53. Ra2 Bc1 54. Rc2 Ba3 55. a6 bxa6 56. Rxc6+ Kd7 57. Rxa6 Bf8 58. Ra7+ Ke6 59. Rxg7 Bxg7 60. Kh4 Bf8 61. Kxh5 Ba3 62. Bd2 Kf6 63. Kh4 Kg6 64. Be1 Bc1 65. Bf2 Bd2 66. Kg3 Bc1 67. Kg2 Bd2 68. Kf1 Bc1 69. Ke2 Kf6 70. Kd3 Ke6 71. Be1 Ba3 72. Bd2 Bd6 73. Kc3 Be7 74. Kb3 Kd7 75. Be1 Bd6 76. Bb4 Bc7 77. Ka4 Kc6 78. Be7 Bb6 79. Bf6 Bc7 80. Kb4 Bd6+ 81. Kc3 Kd7 82. Be5 Ba3 83. Kd3 Bc1 84. Bf6 Ke6 85. Bg5 Kd7 86. e4 Ke6 87. Bh6 Bb2 88. Bg7 Bc1 89. Be5 Ba3 90. exd5+ Kxd5 91. Ke3 Bb2 92. Kd2 Ba1 93. Kd3 1/2-1/2

[Event "CZE-chT2E 1516"]
[Site "Czech Republic"]
[Date "2015.10.18"]
[Round "1.6"]
[White "Horak, Bronislav"]
[Black "Kubat, Pavel"]
[Result "1/2-1/2"]
[WhiteElo "1960"]
[BlackElo "1998"]
[PlyCount "30"]
[EventDate "2015.10.18"]
[EventType "team-tourn"]
[EventRounds "11"]
[EventCountry "CZE"]
[SourceTitle "EXT 2022"]
[Source "ChessBase"]
[SourceDate "2021.10.06"]
[SourceVersion "1"]
[SourceVersionDate "2021.10.06"]
[SourceQuality "1"]
[WhiteTeam "Kurim"]
[BlackTeam "Orechov"]
[WhiteTeamCountry "CZE"]
[BlackTeamCountry "CZE"]

1. e4 d6 2. d4 Nf6 3. Nc3 Nbd7 4. Nf3 e5 5. Bg5 Be7 6. Bd3 c6 7. 0-0 0-0 8. Qe2 Qb6 9. Na4 Qa5 10. dxe5 dxe5 11. Nc3 b5 12. Nd1 Qc7 13. c3 a5 14. Ne3 Nc5 15. Bxf6 Bxf6 1/2-1/2